Word Ladder: Showdown Against a Bot? Quiz Stats

 Plays Quiz Updated Mar 6, 2019

Score 0/22 Timer 02:30
1 Play Today
Hint Word % Correct
Not shallowDEEP
98%
Red street signSTOP
97.7%
Part of a staircaseSTEP
96.4%
Ooze through a substanceSEEP
95.1%
Azure colorBLUE
94.2%
Something to eatFOOD
92.1%
Pig feedSLOP
91.6%
Opening for a coinSLOT
91.6%
Chimney residueSOOT
91.4%
30.48 cmFOOT
90.9%
DiscoverFIND
90.1%
Hint Word % Correct
Arrange in orderSORT
89.2%
Cherished with affectionFOND
87.3%
Army postFORT
87%
Disorganized personSLOB
84.6%
Gentle; lenientKIND
84.1%
Chimney ductFLUE
82.2%
Sound of a fishBLUB
82.2%
Viscous lump; McQueen movie monsterBLOB
80.7%
First cards revealed in Texas Hold 'EmFLOP
79.9%
Important game pieceKING
78.1%
Floating ice sheetFLOE
76.3%

Today's Daily Dose

Missing Word
Celine Dion

Word Ladder
Dr. Seuss Books

Quick Pick
Cities in India

Get the Picture
'A' Actresses

You're not logged in!

Compare scores with friends on all Sporcle quizzes.
OR
Log In

Sporcle TV

Today on Sporcle TV


Watch our educational content, quiz creation guides, and fun videos on Sporcle TV.

Show Comments

Extras

Top Quizzes Today


Score Distribution

Your Account Isn't Verified!

In order to create a playlist on Sporcle, you need to verify the email address you used during registration. Go to your Sporcle Settings to finish the process.

Report this User

Report this user for behavior that violates our Community Guidelines.

Details: